000
00236nam a2200097Ia 4500
005
20250424112819.0
008
250424s9999 xx 000 0 und d
300
_a
186 p. : ill. 25 cm.
650
_a
Law--Nigeria--Periodicals.
942
_c
SR
999
_c
37278
_d
37278